Normal view
MARC view
- Coles Editorial Board
Entry Personal Name
001 - CONTROL NUMBER
- control field: 47815
003 - CONTROL NUMBER IDENTIFIER
- control field: OSt
005 - DATE AND TIME OF LATEST TRANSACTION
- control field: 20220806102748.0
008 - FIXED-LENGTH DATA ELEMENTS
- fixed length control field: 220806|| aca||aabn | a|a d
040 ## - CATALOGING SOURCE
- Original cataloging agency: OSt
- Transcribing agency: OSt
100 ## - HEADING--PERSONAL NAME
- Personal name: Coles Editorial Board
670 ## - SOURCE DATA FOUND
- Source citation: Work cat.: (OSt)28029: Coles Editorial Board, Tom Jones, 2002